All Teams to Ever Play a IQA World Cup - Statistics

General Stats
  • This quiz has been taken 5 times
  • The average score is 24 of 29
Answer Stats
# Top Finish Answer % Correct
4 Winner Australia
100%
2 11th Austria
100%
3 Second Belgium
100%
2 16th Brazil
100%
4 Third Canada
100%
4 Second France
100%
2 7th Germany
100%
1 29th Iceland
100%
2 8th Italy
100%
2 18th Netherlands
100%
1 20th New Zealand
100%
2 9th Norway
100%
2 10th Spain
100%
4 Third United Kingdom
100%
4 Winner United States
100%
1 15th Czech Republic
80%
1 28th Finland
80%
3 5th Mexico
80%
2 13th Poland
80%
2 17th Slovakia
80%
1 23th Switzerland
80%
2 Third Turkey
80%
2 20th Ireland
60%
1 18th Malaysia
60%
2 15th Slovenia
60%
2 21st South Korea
60%
1 15th Vietnam
40%
1 25th Hong Kong
20%
2 12th Catalonia
0%
No matching quizzes found
Score Distribution
Percent of People with Each Score
Percentile by Number Answered
Your Score History
You have not taken this quiz